La soledad humana / (Record no. 139062)

MARC details
000 -LEADER
campo de control de longitud fija 00549nam a2200181 4500
001 - NÚMERO DE CONTROL
campo de control 139062
003 - IDENTIFICADOR DE NÚMERO DE CONTROL
campo de control ES-MaACL
005 - FECHA Y HORA DE LA ÚLTIMA TRANSACCIÓN
campo de control 20230906195709.0
007 - CAMPO FIJO DE DESCRIPCIÓN FÍSICA--INFORMACIÓN GENERAL
campo de control de longitud fija t|
008 - DATOS DE LONGITUD FIJA--INFORMACIÓN GENERAL
campo de control de longitud fija 070214s1970 sp r ||||1| spa d
100 1# - ENTRADA PRINCIPAL--NOMBRE DE PERSONA
Nombre de persona Sarano, Jacques.
9 (RLIN) 103758
245 13 - MENCIÓN DEL TÍTULO
Título La soledad humana /
Mención de responsabilidad, etc. Jacques Sarano ; traducción de J. Sans Vila, M. T. San Martín.
260 ## - PUBLICACIÓN, DISTRIBUCIÓN, ETC.
Lugar de publicación, distribución, etc. Salamanca :
Nombre del editor, distribuidor, etc. Sígueme,
Fecha de publicación, distribución, etc. 1970.
300 ## - DESCRIPCIÓN FÍSICA
Extensión 198 p. ;
Dimensiones 19 cm.
700 1# - ENTRADA AGREGADA--NOMBRE PERSONAL
Nombre de persona Sans Vila, Jorge.
9 (RLIN) 103212
700 1# - ENTRADA AGREGADA--NOMBRE PERSONAL
Nombre de persona San Martín, M. T.
9 (RLIN) 102264
852 ## - LOCALIZACIÓN
Ubicación ES-MaACL
Número de control de estantería C-47075
Sublocalización o colección R.75633
Holdings
Estatus retirado Estado de pérdida Estado de daño No para préstamo Biblioteca de origen Biblioteca actual Ubicación en estantería Fecha de adquisición Fuente de adquisición Total de préstamos Signatura topográfica completa Código de barras Visto por última vez Precio de reemplazo Tipo de ítem Koha
        Biblioteca del Ateneo de Madrid Biblioteca del Ateneo de Madrid Depósito 2 17/01/2008     C-47075 1144713 23/02/2023 23/02/2023 Libro impreso